AK’s General Knowledge A-Z #26 - Statistics

General Stats
  • This quiz has been taken 586 times
  • The average score is 18 of 26
Answer Stats
Hint Answer % Correct
O – the second oldest university in the world Oxford
96%
N – state of enlightenment, or band whose lead singer was Kurt Cobain Nirvana
95%
G – actor Ryan (La La Land), or a young goose Gosling
94%
A – company where Tim Cook is CEO, or what William Tell didn’t miss Apple
93%
I – red, orange, yellow, green, blue, _____ and violet Indigo
92%
P – nerdy high school student Peter who fights crime as Spider-Man Parker
90%
Q – in American football, an offensive back whose primary job is to pass the ball in a play Quarterback
90%
S – to mark the skin permanently, or the resentful lion in The Lion King who wants the throne Scar
90%
E – if you’re in Tokyo, you have to go this way for the shortest route to Los Angeles East
85%
H – skin of an animal, or what you can’t do even though you can run Hide
85%
X – TV music competition that made One Direction famous X-Factor
82%
W – to tighten the spring of a clock, or what was in the willows in the children’s classic by Kenneth Grahame Wind
77%
V – the third largest lake in the world Victoria
76%
D – Frank Herbert’s 1965 novel about a sand-covered planet where the hero learns he’s the offspring of the Emperor’s evil ally Dune
75%
F – movie director and producer Francis ____ Coppola, or what had replaced the Lord in Brave New World Ford
75%
Y – dice game developed in the 1940s where you score points by rolling five dice Yahtzee
69%
C – island group that held the world’s westernmost known location before America was discovered Canary Islands
67%
L – Daft Punk hit “Get ___”, or Luke who was faster than his shadow Lucky
65%
J – an island and British Crown Dependency near the coast of Normandy; capital is Saint Helier Jersey
64%
M – Australian post-apocalyptic film that makes you wanna fill up your tank Mad Max
59%
R – 30 ____, sitcom TV series that looks behind the scenes at a fictional sketch comedy show Rock
59%
B – the first person to drive an automobile over a long distance Bertha Benz
31%
Z – the animal component of the planktonic community in oceans Zooplankton
25%
U – man in Italian (Leonardo was “L’____ universale”) Uomo
23%
T – the latter T in AT&T Telegraph
20%
K – “Russian Bear” Aleksandr, the greatest Greco-Roman wrestler of all time Karelin
5%
No matching quizzes found
Score Distribution
Percent of People with Each Score
Percentile by Number Answered
Your Score History
You have not taken this quiz